• 首页
  • 本馆介绍
  • 公告通知
  • 最新文献
  • 馆藏检索
  • 电子资源
  • 读者导购
  • 参考咨询
  • 我的图书馆
  • 登录
  • 详细信息显示
  • 放入我的书架
  • 预约/预借图书
  • 作者相关作品
  • 分类相关作品
  • 丛书相关作品
  • 出版社相关作品

书目信息

  • 表格格式
  • 工作单格式
  • 卡片格式
题名:
车工应用代数和三角
    
 
作者: 陈家芳 编
分册:  
出版信息: 上海   上海科学技术出版社  1982
页数: 108页
开本: 19cm
丛书名:
单 册:
中图分类: TG51
科图分类:
主题词: 车削--基本知识
电子资源:
ISBN:
000 00632nam0 2200241 45
001 0182011373
005 20060726105320.54
010    @dCNY0.32
091    @aCN@b13119.69
100    @a19950526d1982 em y0chiy0121 ea
101 0  @achi
102    @aCN@b310000
105    @ay z 000yy
200 10 @a车工应用代数和三角@Ache gong ying yong dai shu he san jiao@f陈家芳编
205    @a2版@b修订本
210    @a上海@c上海科学技术出版社@d1982
215    @a108页@d19cm
606    @a车削@x基本知识
690    @aTG51@v3
701  0 @a陈家芳@Achen jia fang@4编
801  2 @aCN@bNLC@c20060726
801  0 @aCN@bTSSF
905    @dTG51@e6=2
    
    车工应用代数和三角/陈家芳编.-2版,修订本.-上海:上海科学技术出版社,1982
    108页;19cm
    
    
    ISBN :CNY0.32
    
●
相关链接 在E读中查询图书 在五车中查询图书 在当当中查询图书 在豆瓣中查询图书


正题名:车工应用代数和三角     索取号:TG51/6=2         预约/预借

序号 登录号 条形码 馆藏地/架位号 状态 备注
1 0438611   204386119   密集书库/ [索取号:TG51/6=2] 在馆    
唐山师范学院图书馆 欢迎您!
大连网信软件有限公司© 版权所有